A cascade of driven employees (Record no. 68712)
[ view plain ]
| 000 -LEADER | |
|---|---|
| fixed length control field | 00964cam a2200229 4500 |
| 001 - CONTROL NUMBER | |
| control field | ABS64710 |
| 008 - FIXED-LENGTH DATA ELEMENTS--GENERAL INFORMATION | |
| fixed length control field | 011030n2001 000 0 eng u |
| 035 ## - SYSTEM CONTROL NUMBER | |
| System control number | (Sirsi) u115390 |
| 100 ## - MAIN ENTRY--PERSONAL NAME | |
| Personal name | Sproule, M |
| 245 #2 - TITLE STATEMENT | |
| Title | A cascade of driven employees |
| 260 ## - PUBLICATION, DISTRIBUTION, ETC. | |
| Date of publication, distribution, etc. | 2001 |
| 490 ## - SERIES STATEMENT | |
| Series statement | Estates Gazette |
| Volume/sequential designation | (0142) 20 October 2001, 119(1) |
| 520 ## - SUMMARY, ETC. | |
| Summary, etc. | Looks at coach-mentoring, a new method of training to improve the performance and motivation of employees. Coach-mentoring is a development technique that encourages a positive work culture and operates as a pyramid scheme; managers are trained as coaches and cascade the benefits to others in the organisation via development sets. Argues that this approach is more effective than traditional training. |
| 590 ## - LOCAL NOTE (RLIN) | |
| Local note | ABS |
| 650 ## - SUBJECT ADDED ENTRY--TOPICAL TERM | |
| Topical term or geographic name entry element | CAREERS, EDUCATION AND TRAINING |
| 650 ## - SUBJECT ADDED ENTRY--TOPICAL TERM | |
| Topical term or geographic name entry element | STAFF MANAGEMENT |
| 650 ## - SUBJECT ADDED ENTRY--TOPICAL TERM | |
| Topical term or geographic name entry element | MOTIVATION |
| 650 ## - SUBJECT ADDED ENTRY--TOPICAL TERM | |
| Topical term or geographic name entry element | COACHING |
| 650 ## - SUBJECT ADDED ENTRY--TOPICAL TERM | |
| Topical term or geographic name entry element | MENTORING |
| 690 ## - LOCAL SUBJECT ADDED ENTRY--TOPICAL TERM (OCLC, RLIN) | |
| Topical term or geographic name as entry element | MANAGEMENT |
| 942 ## - ADDED ENTRY ELEMENTS (KOHA) | |
| Suppress in OPAC | 0 |
| Withdrawn status | Lost status | Source of classification or shelving scheme | Damaged status | Not for loan | Home library | Current library | Shelving location | Date acquired | Total Checkouts | Full call number | Barcode | Date last seen | Copy number | Price effective from | Koha item type |
|---|---|---|---|---|---|---|---|---|---|---|---|---|---|---|---|
| Dewey Decimal Classification | London | London | Journal article | 30/10/2001 | ABS64710 | 115390-1001 | 06/08/2019 | 1 | 06/08/2019 | Journal article |